Дело о поднесении его величеству императору составленной профессором Казанского университета К. Казембеком турецко-татарской гра...

Доступно только в Электронных читальных залах Найти на картеНа карте
RUSMARC
00003651nmc2a22002413x 450
00124ac9bf5-98ec-4e32-a786-1b0807317bf9
00520250620154142.0
100##$a20241203l18391839k l0rusy0189 ca
1010#$arus
102##$aRU
105##$ay###
1222#$ad
2001#$aДело о поднесении его величеству императору составленной профессором Казанского университета К. Казембеком турецко-татарской грамматики и о пожаловании ему подарка
$j7 июля - 7 октября 1839 г.
215##$a11 л.
$d36,5х26 см
251##$cДело
300##$aНа обложке указано: "№145"
371##$aДокумент не является опубликованным и широко распространяемым
461#0$10012b5b8419-5ce4-4d16-a7a3-85720a295f1f
$12001
$aКанцелярия министра народного просвещения
$1251
$cФонд
$1852
$j735
462#0$1001562cc287-b13c-4f02-8029-f81535ba1e2e
$12001
$aКанцелярия министра народного просвещения
$1251
$cОпись
$1852
$j2
801#0$aRU
$bРГИА
$c20241203
$gRCR
801#1$aRU
$bГлавНИВЦ
$c20241203
$2rusmarc
801#2$aRU
$bПБ им. Б.Н. Ельцина
$c20250620
$gRCR
$2rusmarc
850##$aРГИА
852##$aРГИА
$eФедеральное казенное учреждение "Российский государственный исторический архив" (РГИА)
$j117
937##$hРГИА
$d12420794
$aASBIBLIO_SCAN
035##$aRusGRCC00082890
856##$uhttp://readingroom.main.prlib.ru/item.aspx?id_node=n196812437&mode=full
Формат отображения